000 00654nam a2200205 i 4500
001 95587
003 ES-MaACL
005 20251009173517.0
007 t|
008 050531s1968 sp ||||1| cat d
100 1 _aLlinarés, Armand.
_972784
245 1 0 _aRamón Llull /
_cArmand Llinarés; próleg de Joaquim Carreras i Artau; [traducció de Miquel Adrover].
250 _a[1ª ed.].
260 _aBarcelona :
_bEdiciones 62,
_c1968.
300 _a331 p., 24 lám. ;
_c20 cm.
700 1 _aCarreras y Artau, Joaquín,
_d1894-1968
_935686
700 1 _aAdrover, Miquel.
_918486
852 _aES-MaACL
_jC-50509
_bR.67381
999 _c95587
_d95587